000 00871nam a22002897a 4500
001 BR7705889
003 BR-BrBNA
005 20230928085514.0
007 ta
008 230509b bl.||||| |||| 00| 0 por d
040 _aBR-BrBNA
_bpor
_cBiblioteca Nacional de Agricultura
041 _a(Por)
072 _aL01; E70; M11
_b/G514
090 _ L01 BR7705889
110 1 _aComissao de Planejamento Agricola de Roraima, Boa Vista (Brasil)
_91998
245 1 _aPlano indicativo de ocupacao da amazonia oferta regional de produtos agropecuarios [Brasil]
260 3 _aBoa Vista, RR (Brasil):
_c[nd].
300 _a45 p.
500 _aPublished after 1976; 17 tables
650 _aAGRICULTURA
650 _aPECUARIA
650 _aPRODUCAO LEITEIRA
650 _aPRODUCAO PESQUEIRA
650 _aAMAZONIA
909 _a202309
_bLucia
_c55
_dLucia Elande
942 _cBK
999 _c24799
_d24799